How to Stand Out: Proven Tactics for Getting Noticed (Record no. 1270)

MARC details
005 - DATE AND TIME OF LATEST TRANSACTION
control field 20250410134713.0
020 ## - INTERNATIONAL STANDARD BOOK NUMBER
International Standard Book Number 978-0-85708-425-5
082 ## - DEWEY DECIMAL CLASSIFICATION NUMBER
Classification number 650.1 YEU
100 ## - MAIN ENTRY--PERSONAL NAME
Author name YEUNG, R.
245 ## - TITLE STATEMENT
Title How to Stand Out: Proven Tactics for Getting Noticed
260 ## - PUBLICATION, DISTRIBUTION, ETC.
Place of publication, distribution, etc. London,
Name of publisher, distributor, etc. A Wiley Brand,
Date of publication, distribution, etc. 2015.
300 ## - PHYSICAL DESCRIPTION
Extent vii, 227p.: ill.; table.
Other physical details Index.
Dimensions 23cm.
856 ## - ELECTRONIC LOCATION AND ACCESS
Link text Access online book
Electronic name How to Stand Out
Path www.Wiley.com
942 ## - ADDED ENTRY ELEMENTS (KOHA)
Source of classification or shelving scheme Dewey Decimal Classification
Koha item type Books
Holdings
Date last seen Total checkouts Full call number Barcode Cost, replacement price Price effective from Koha item type Lost status Source of classification or shelving scheme Damaged status Not for loan Withdrawn status Home library Current library Shelving location Date acquired Cost, normal purchase price
04/10/2025   650.1 YEU 0000004983 106314.00 04/10/2025 Books   Dewey Decimal Classification       College of Business Education Main Library College of Business Education Main Library General Collection 08/07/2016 35438.00
05/31/2025   650.1 YEU 00000010559 106314.00 05/31/2025 Books   Dewey Decimal Classification       College of Business Education Main Library College of Business Education Main Library Special Reserve Collection 08/07/2016 35438.00